ბათუმის შოთა რუსთაველის სახელმწიფო უნივერსიტეტის ბიბლიოთეკა

საქართველოს მეხილეობა (ბიბ.ჩანაწერი № 59245)

000 -ლიდერი
ფიქსირებული სიგრძის საკონტროლო ველი 01022nam a22001937a 4500
003 - საკონტროლო ნომრის იდენტიფიკატორი
საკონტროლო ველი Ge_BSU
005 - ბოლო ოპერაციის თარიღი და დრო
საკონტროლო ველი 20221223111701.0
008 - ფიქსირებული სიგრძის მონაცემთა ელემენტები - ზოგადი ინფორმაცია
ფიქსირებული სიგრძის საკონტროლო ველი 221223s1969ge xxu||||| |||| 00| 0 geo d
041 ## - ენის კოდი
Language code of text/sound track or separate title geo
080 ## - უნივერსალური ათობითი კლასიფიკაციის ინდექსი
Universal Decimal Classification number 634(479.22) ს-32
100 ## - მთავარი ჩანაწერი - პიროვნების სახელი
Personal name ბადრიშვილი, გ., ავტორი.
9 (RLIN) 16541
245 ## - ცნობა სათაურის შესახებ
Title საქართველოს მეხილეობა
Remainder of title [ტ. 1] /
Statement of responsibility, etc გ. ბადრიშვილი და სხვა ; რედ. პ. კაჭარავა ; მთ. რედ. პროფ. ნ. ხომიზურაშვილი.
264 ## - წარმოების, გამოცემის, დისტრიბუციის და სხვა ცნობები
გამოცემის, წარმოების, დისტრიბუციის... ადგილი თბილისი :
გამოცემის, წარმოების, დისტრიბუციის... სახელწოდება მეცნიერება,
გამოცემის, წარმოების, დისტრიბუციის... თარიღი 1969.
300 ## - ფიზიკური აღწერა
Extent 578 გვ. :
Other physical details ილ., 21 ფ. ილ.
Dimensions 29 სმ.
653 ## - INDEX TERM--UNCONTROLLED
Uncontrolled term საქართველოს მეხილეობა
700 ## - ADDED ENTRY--PERSONAL NAME
Personal name კაჭარავა, პ
Relator term რედაქტორი
9 (RLIN) 16542
700 ## - ADDED ENTRY--PERSONAL NAME
Personal name ხომიზურაშვილი, ნ
Relator term მთავარი რედაქტორი
9 (RLIN) 16543
942 ## - ADDED ENTRY ELEMENTS (KOHA)
Source of classification or shelving scheme
Koha item type წიგნი
ეგზემპლარები
ჩამოწერის სტატუსი დაკარგული ეგზემპლარის სტატუსი კლასიფიკაციის წყარო ან თაროზე გაწყობის სქემა დაზიანების სტატუსი არ გაიცემა მუდმივი მდებარეობა (დაცვის ადგილი) ამჟამინდელი ადგილსამყოფელი თაროზე განთავსების ადგილი შეძენის თარიღი ღირებულება, შესყიდვის ნორმალური ფასი სრული შენახვის შიფრი შტრიხკოდი ბოლო ოპერაციის თარიღი ეგზემპლარის მიმდევრობითი ნომერი (კეტერი?) ფასის ძალაში შესვლის თარიღი ეგზემპლარის სახეობა საჯარო შენიშვნა
          ბათუმის შოთა რუსთაველის სახელმწიფო უნივერსიტეტის მთავარი ბიბლიოთეკა ბათუმის შოთა რუსთაველის სახელმწიფო უნივერსიტეტის მთავარი ბიბლიოთეკა წიგნსაცავი 2022-12-23 10.00 634(479.22) ს-32 63369 2022-12-23 63369 2022-12-23 წიგნი 10.00